Statistics for Countries Superlatives A-Z

Click here to take the quiz!

General Stats

  • This quiz has been taken 599 times
    (255 since last reset)
  • The average score is 17 of 24

Answer Stats

ClueCountry% Correct
CNorthernmostCanada
92%
QMost touristsQatar
91%
FMost territoriesFrance
90%
LShortest nameLaos
89%
JLargest capital cityJapan
89%
ZSouthernmostZimbabwe
87%
RMost bordersRussia
87%
OMost palm treesOman
87%
YMost exportsYemen
87%
VEasternmostVanuatu
81%
HLeast bordersHaiti
80%
UTallest buildingUnited Arab Emirates
79%
PWesternmostPeru
74%
KLowest pop. densityKazakhstan
72%
ENewestEast Timor
66%
GMost islandsGreece
65%
ILowest elevationIsrael
64%
BLast alphabeticallyBurundi
63%
SMost languagesSouth Africa
55%
DLeast populatedDominica
54%
THighest mountainTajikistan
53%
MLeast well knownMarshall Islands
44%
NLongest nameNorth Macedonia
43%
AHighest pop. densityAntigua & Barbuda
41%

Score Distribution

Percentile by Number Answered

Percent of People with Each Score

Your Score History

You have not taken this quiz since the last reset